000 00754nmm a2200277 a 4500
003 AR-BaBNM
005 20251128210351.0
008 290020s1994 ||||||||||||||000 | spa||
020 _a950-534-199-7
040 _cAR-BaBNM
100 1 _aPalacios, Ariana Nydia
245 1 0 _a¿Si estudiamos mejor?
_bpara aprender a aprender
250 _a2ª ed.
260 _aBuenos Aires
_bA-Z editora
_c1994
300 1 _avi, 132 p.
_btablas, il.
650 4 _aMETODOS DE ESTUDIO
650 4 _aESQUEMAS CONCEPTUALES
650 4 _aRESUMENES ANALITICOS
650 4 _aAUTOAPRENDIZAJE
650 4 _aAUTOEVALUACION
653 0 _aAPRENDER A APRENDER
653 0 _aCOMPRENSION LECTORA
700 1 _aMenéndez, Irene Nora
942 _cBK
998 _cRaquel
999 _c15163
_d15163